000 00386nam a22001697a 4500
005 20160903151441.0
008 160903b xxu||||| |||| 00| 0 eng d
020 _a978-817754
041 _aeng
082 _b20945
100 _aPANDA,S.C
_93469
245 _aCROPPING AND FARMING SYSTEMS
260 _bAGROBIOS
_c2016
300 _a1200
650 _aAGRICULTURE
_92837
942 _cBK
999 _c5174
_d5172